00425nam a2200145Ia 4500008004100000041000900041082001800050100001900068245002700087260003800114300000700152650000800159999001700167952009500184230718s9999 xx 000 0 und d aEng. a341.25bAFG-T aAfghani. Masud 4aThe Contract Acts 1872 aPakistanbLahore low Times c2003 a73 aLaw c29387d29387 00104070aSIRC-LbSIRC-Ld2023-07-18l0o341.25 AFG-Tp24338r2023-07-18w2023-07-18yBK